000 00702nam a2200265Ia 4500
008 160321s9999||||xx |||||||||||||| ||und||
040 _cEnglish
082 _aXI.A/Masterman
082 _bBORI-53716
100 _aJ. Howard B. Masterman
245 2 _aA History Of British Constitution
300 _aXV+292
300 _cA
300 _eHardbound
530 _bArunkumar
530 _u00101027.pdf
563 _aStudy
600 _aJ. Howard B. Masterman
630 _aA History Of British Constitution
650 _aGeneral Indology
650 _aHistory and Historiography
700 _aJ. Howard B. Masterman
730 _aA History Of British Constitution
942 _cBOOK
999 _c1364773
_d1364770